000 01120nam0a22002291 4500
001 rc\2934673
005 20250529231056.0
035 _a(NLR Aleph) 007083882
090 _a6504525
_c6504525
100 _a20110822d1937 |||y0rusy50 ca
101 0 _arus
102 _aRU
105 _ay z |||||
200 1 _aВыставка материалов и документов по докладу тов. Берия "К вопросу об истории большевистских организаций в Закавказье"
_eКраткий путеводитель
_fТбилисский филиал ИМЭЛ
210 _aТбилиси
_cПартиздат ЦК КП(б) Грузии
_d1937
215 _a47, [3] с.
_d22 см
710 0 2 _aИнститут истории партии
_bВыставка материалов и документов по докладу Берия "К Вопросу об истории большевистских организаций в Закавказье"
801 0 _aRU
_bNLR
_gpsbo
801 1 _aRU
_bELAR
_2rusmarc
852 _aNLR
_j37-10/3990
942 _cBOOK
980 _aNB